| 000 | 00625nam a2200193Ia 4500 | ||
|---|---|---|---|
| 003 | GCL | ||
| 008 | 140319s9999 xx 000 0 ara d | ||
| 040 |
_aGCL / _cGCL |
||
| 082 | 0 | 4 |
_a381.101 _bم م |
| 100 | 1 | _aمحمد زكى شافعى | |
| 245 | 1 | 0 |
_aمقدمة فى العلاقات الاقتصادية الدولية / _cمحمد زكى شافعى |
| 300 | _a275 ص | ||
| 490 | _a | ||
| 650 | 0 | 4 | _aالعلاقات الاقتصادية |
| 650 | 0 | 4 | _aالعلاقات الاقتصادية الدولية |
| 650 | 0 | 4 | _aالتجارة الخارجية |
| 650 | 0 | 4 | _aالتجارة والتنمية |
| 942 |
_2ddc _cBK |
||
| 999 |
_c42924 _d42924 |
||